| 000 | 01030cam a22002894a 4500 | ||
|---|---|---|---|
| 001 | 14713355 | ||
| 003 | OSt | ||
| 005 | 20110908110400.0 | ||
| 008 | 070108s2006 enk l 000 0 eng | ||
| 010 | _a 2007367759 | ||
| 020 | _a090621467x | ||
| 035 | _a(CaONFCNI)ny5307552 | ||
| 040 |
_aDLC _cDLC _dDLC |
||
| 043 | _ae-uk--- | ||
| 050 | 0 | 0 |
_aKD1264 _b2006 |
| 082 |
_222 _a346.048 MAT |
||
| 245 | 0 | 0 |
_aMaterials on intellectual property / _cedited by William Cornish. _ |
| 260 |
_aLondon : _bESC Publishing, _c2006. |
||
| 300 |
_alix, 744 p. ; _c24 cm. |
||
| 650 | 0 |
_aIntellectual property _zGreat Britain. _91446 |
|
| 650 | 0 |
_aIntellectual property _zGreat Britain _vCases. _91447 |
|
| 700 | 1 |
_aCornish, W. R. _q(William Rodolph), _d1937- _91448 |
|
| 906 |
_a7 _bcbc _corigres _d2 _encip _f20 _gy-gencatlg |
||
| 942 |
_2ddc _cBK |
||
| 999 |
_c484 _d484 |
||